[Event "Open de la Constitución 2019"]
[Site "S. S. de los Reyes ESP"]
[Date "2019.12.04"]
[Round "5.5"]
[White "Bello Burguet, Glenier Lazaro"]
[Black "Pindado Campos, Raul"]
[Result "1/2-1/2"]
[WhiteElo "2001"]
[BlackElo "2100"]
[PlyCount "118"]
[EventDate "2019.11.30"]
[EventType "swiss"]
[EventRounds "9"]
[EventCountry "ESP"]
[SourceTitle "Ajedrez en Madrid"]
[Source "lmi"]
[SourceDate "2019.11.30"]
[SourceVersion "1"]
[SourceVersionDate "2019.12.16"]
[SourceQuality "1"]

1. e4 c5 2. Nf3 d6 3. Bb5+ Nc6 4. O-O Bd7 5. Re1 e6 6. c3 a6 7. Ba4 b5 8. Bc2
c4 9. d4 cxd3 10. Qxd3 Be7 11. Nbd2 Qc7 12. a4 Rb8 13. Nf1 Nf6 14. axb5 axb5
15. h3 O-O 16. Ng3 Ne5 17. Qe2 Rfc8 18. Nxe5 dxe5 19. Nh5 b4 20. Nxf6+ Bxf6 21.
Bd2 h6 22. Bd3 b3 23. Be3 Ra8 24. Ba6 Rcb8 25. Bc4 Qb7 26. Bc5 Rxa1 27. Rxa1
Qc6 28. Bb4 Qb7 29. Ra3 Bc6 30. Rxb3 Qa8 31. Ra3 Qb7 32. Ba6 Qb6 33. Bd3 Bg5
34. Bd6 Qxb2 35. Bxb8 Qxa3 36. Bxe5 Qc1+ 37. Qf1 Qd2 38. c4 Be7 39. Bg3 Bb4 40.
Qe2 Qxe2 41. Bxe2 Bxe4 42. f3 Bc5+ 43. Bf2 Bxf2+ 44. Kxf2 Bc6 45. Ke3 Kf8 46.
Kd4 Ke7 47. Kc5 Kd7 48. Bd3 Kc7 49. h4 g5 50. hxg5 hxg5 51. Be4 Ba4 52. Kd4 f6
53. Kc5 Bd7 54. Bg6 Bc8 55. Be8 Bb7 56. Bh5 Bc6 57. Bg6 Bd7 58. Bf7 Bc8 59. Be8
Bb7 1/2-1/2

[Event "Open de la Constitución 2019"]
[Site "S. S. de los Reyes ESP"]
[Date "2019.12.04"]
[Round "5.6"]
[White "Martin Rodriguez, Emilio"]
[Black "Alonso Abad, Enrique"]
[Result "0-1"]
[WhiteElo "2030"]
[BlackElo "1994"]
[PlyCount "64"]
[EventDate "2019.11.30"]
[EventType "swiss"]
[EventRounds "9"]
[EventCountry "ESP"]
[SourceTitle "Ajedrez en Madrid"]
[Source "lmi"]
[SourceDate "2019.11.30"]
[SourceVersion "1"]
[SourceVersionDate "2019.12.16"]
[SourceQuality "1"]

1. d4 f5 2. Nc3 Nf6 3. Bg5 d5 4. Bxf6 exf6 5. e3 Be6 6. Bd3 Qd7 7. Qf3 Nc6 8.
Nge2 O-O-O 9. Nf4 Ne7 10. a4 Bf7 11. h4 Kb8 12. a5 g5 13. hxg5 fxg5 14. Nh5 g4
15. Qe2 Bxh5 16. Rxh5 Bg7 17. Na4 Qe8 18. Rh1 Qf7 19. O-O-O h5 20. g3 Ng6 21.
Nc5 c6 22. c4 Bf8 23. Nb3 Bb4 24. Kb1 h4 25. gxh4 Rxh4 26. cxd5 Rxh1 27. Rxh1
Qxd5 28. Rh6 Qxb3 29. Rxg6 Rh8 30. Qf1 Ba3 31. Kc1 Bxb2+ 32. Kd2 Bc3+ 0-1

[Event "Open de la Constitución 2019"]
[Site "S. S. de los Reyes ESP"]
[Date "2019.12.04"]
[Round "5.7"]
[White "Blanco Martin, Oscar"]
[Black "Longa Yauca, Javier"]
[Result "1/2-1/2"]
[WhiteElo "1692"]
[BlackElo "2198"]
[PlyCount "103"]
[EventDate "2019.11.30"]
[EventType "swiss"]
[EventRounds "9"]
[EventCountry "ESP"]
[SourceTitle "Ajedrez en Madrid"]
[Source "lmi"]
[SourceDate "2019.11.30"]
[SourceVersion "1"]
[SourceVersionDate "2019.12.16"]
[SourceQuality "1"]

1. c4 Nf6 2. Nc3 e5 3. g3 Bc5 4. Bg2 c6 5. e3 Qe7 6. Nf3 d6 7. d3 O-O 8. O-O
Bb6 9. e4 h6 10. Rb1 Bg4 11. h3 Be6 12. b4 Rd8 13. Qe2 a5 14. Na4 Bc7 15. b5
cxb5 16. Rxb5 Bd7 17. Nb6 Bxb6 18. Rxb6 Bc6 19. Nh4 Nbd7 20. Nf5 Qf8 21. Rb2
Nc5 22. Be3 Ne6 23. Bb6 Re8 24. Qd2 a4 25. Rfb1 Nd7 26. Be3 Ndc5 27. Rb6 Rad8
28. Bf3 Kh7 29. Bd1 Rd7 30. Bc2 Kg8 31. Qd1 Kh8 32. f3 Kg8 33. Kg2 Ra8 34. d4
exd4 35. Nxd4 Nxd4 36. Bxd4 Qe7 37. Qe1 Re8 38. Qf2 f5 39. e5 Qf7 40. exd6 Ne6
41. Be5 Ng5 42. Rxc6 bxc6 43. f4 Qxc4 44. Bxf5 Qd5+ 45. Kf1 Rf7 46. Bg6 Ne4 47.
Bxf7+ Qxf7 48. Qd4 Nxg3+ 49. Kf2 Nf5 50. Qxa4 Kh8 51. Qc2 Ra8 52. a4 1/2-1/2

[Event "Open de la Constitución 2019"]
[Site "S. S. de los Reyes ESP"]
[Date "2019.12.04"]
[Round "5.8"]
[White "Santamaria Farran, Pablo"]
[Black "Quevedo Marin, Manuel"]
[Result "0-1"]
[WhiteElo "1808"]
[BlackElo "2197"]
[PlyCount "86"]
[EventDate "2019.11.30"]
[EventType "swiss"]
[EventRounds "9"]
[EventCountry "ESP"]
[SourceTitle "Ajedrez en Madrid"]
[Source "lmi"]
[SourceDate "2019.11.30"]
[SourceVersion "1"]
[SourceVersionDate "2019.12.16"]
[SourceQuality "1"]

1. c4 e5 2. d3 Nf6 3. a3 d6 4. Nc3 g6 5. g3 Bg7 6. Bg2 O-O 7. e4 c6 8. Nge2 Be6
9. O-O Qc8 10. f4 Bh3 11. f5 Bxg2 12. Kxg2 Nbd7 13. h3 h6 14. g4 g5 15. Ng3 d5
16. b4 Rd8 17. Qc2 a5 18. Bb2 Bf8 19. c5 Qc7 20. Na4 Re8 21. Rfc1 Qd8 22. Bc3
axb4 23. axb4 Qe7 24. Bd2 Red8 25. Be3 Ne8 26. Bd2 Nc7 27. Nc3 Nf6 28. Be1 Qd7
29. Rd1 Ra6 30. Rxa6 Nxa6 31. Na4 dxe4 32. Nb6 Qd4 33. Bc3 Nxb4 34. Bxd4 Nxc2
35. Bg1 Rxd3 36. Rxd3 exd3 37. Nc4 e4 38. Nf1 Nd7 39. Nfd2 Nxc5 40. Bxc5 Bxc5
41. Nxe4 Ne3+ 42. Nxe3 Bxe3 43. Kf1 b5 0-1

[Event "Open de la Constitución 2019"]
[Site "S. S. de los Reyes ESP"]
[Date "2019.12.04"]
[Round "5.9"]
[White "Cabañas Bravo, Juan Andres"]
[Black "Campos Calvo-Sotelo, Javier"]
[Result "1-0"]
[WhiteElo "2063"]
[BlackElo "1951"]
[PlyCount "71"]
[EventDate "2019.11.30"]
[EventType "swiss"]
[EventRounds "9"]
[EventCountry "ESP"]
[SourceTitle "Ajedrez en Madrid"]
[Source "lmi"]
[SourceDate "2019.11.30"]
[SourceVersion "1"]
[SourceVersionDate "2019.12.16"]
[SourceQuality "1"]

1. e4 c6 2. Ne2 d5 3. e5 Bf5 4. Ng3 Bg6 5. h4 h6 6. h5 Bh7 7. e6 fxe6 8. d4 Qd6
9. f4 Nf6 10. Bd3 Nbd7 11. Bxh7 Rxh7 12. Qd3 O-O-O 13. Be3 Qb4+ 14. Nd2 Qxb2
15. O-O Qb5 16. Qg6 Rh8 17. Rab1 Qa6 18. Rb3 c5 19. Rfb1 c4 20. Rxb7 Qxb7 21.
Rxb7 Kxb7 22. Qf7 Ng4 23. Qxe6 Nxe3 24. Qxe3 Nb6 25. f5 Rd6 26. Nf3 c3 27. Ne5
Rg8 28. Qxc3 g5 29. fxg6 Bg7 30. Nf5 Bxe5 31. dxe5 Re6 32. Nxh6 Rc8 33. Qxc8+
Kxc8 34. g7 Rxh6 35. g8=Q+ Kd7 36. g4 1-0

[Event "Open de la Constitución 2019"]
[Site "S. S. de los Reyes ESP"]
[Date "2019.12.04"]
[Round "5.10"]
[White "Nuevo Benitez, Miguel Angel"]
[Black "Bassani, Jaison Jose"]
[Result "0-1"]
[WhiteElo "1707"]
[BlackElo "2013"]
[PlyCount "42"]
[EventDate "2019.11.30"]
[EventType "swiss"]
[EventRounds "9"]
[EventCountry "ESP"]
[SourceTitle "Ajedrez en Madrid"]
[Source "lmi"]
[SourceDate "2019.11.30"]
[SourceVersion "1"]
[SourceVersionDate "2019.12.16"]
[SourceQuality "1"]

1. b3 e5 2. Bb2 Nc6 3. e3 Nf6 4. Bb5 Bd6 5. Nf3 e4 6. Bxc6 dxc6 7. Nd4 O-O 8.
d3 Re8 9. Nd2 Bg4 10. Ne2 Bb4 11. a3 exd3 12. cxd3 Bf8 13. Nc4 Nd5 14. O-O Qg5
15. Qd2 b5 16. Ne5 Bxe2 17. Qxe2 Rxe5 18. f4 Nxf4 19. Qf3 Rxe3 20. Qxf4 Qxf4
21. Rxf4 Rxd3 0-1

[Event "Open de la Constitución 2019"]
[Site "S. S. de los Reyes ESP"]
[Date "2019.12.04"]
[Round "5.11"]
[White "Vazquez Gonzalez, Jesus"]
[Black "Alvarez Gonzalez, Eduardo"]
[Result "1-0"]
[WhiteElo "1929"]
[BlackElo "1771"]
[PlyCount "191"]
[EventDate "2019.11.30"]
[EventType "swiss"]
[EventRounds "9"]
[EventCountry "ESP"]
[SourceTitle "Ajedrez en Madrid"]
[Source "lmi"]
[SourceDate "2019.11.30"]
[SourceVersion "1"]
[SourceVersionDate "2019.12.16"]
[SourceQuality "1"]

1. e4 c6 2. Nc3 d5 3. Nf3 Bg4 4. h3 Bxf3 5. Qxf3 e6 6. Be2 Nd7 7. O-O dxe4 8.
Nxe4 Ngf6 9. d3 Nxe4 10. dxe4 Be7 11. Qg3 Bf6 12. Rd1 Qb8 13. f4 g6 14. e5 Be7
15. Be3 Qc7 16. Qf2 O-O 17. Rd3 Nb6 18. Bf3 Rfd8 19. Rad1 Rxd3 20. Rxd3 Rd8 21.
Rb3 c5 22. c4 Rd7 23. Qe2 Qc8 24. Rb5 Na8 25. Be4 b6 26. Qf3 Nc7 27. Rb3 Qd8
28. Bc2 Na6 29. a3 Nc7 30. Qf2 Ne8 31. g4 Ng7 32. Qe2 f5 33. Rd3 Rxd3 34. Bxd3
Qa8 35. Bc2 Kf7 36. Bf2 a5 37. Ba4 Qd8 38. Bd1 Bh4 39. Be3 Be7 40. Qc2 Qd7 41.
Bf3 Bd8 42. Kf2 Be7 43. Ke2 Ke8 44. Qb3 Bd8 45. Bf2 Kf7 46. Ba8 Ke8 47. Qf3 Kf7
48. Bc6 Qc7 49. Bb5 Be7 50. Qa8 Bd8 51. Be1 Qe7 52. Qc6 Qc7 53. Qf3 Be7 54. Qa8
Bd8 55. b4 axb4 56. axb4 Ne8 57. bxc5 bxc5 58. Bh4 Bxh4 59. Qxe8+ Kg7 60. Qxe6
Qa5 61. Qd7+ Kf8 62. Qd6+ Be7 63. Qb8+ Kg7 64. gxf5 Qa2+ 65. Ke3 gxf5 66. Qb7
Qb3+ 67. Kf2 Qc2+ 68. Kg3 Qd3+ 69. Kh2 Kf8 70. Qc8+ Kg7 71. Qb7 Kf8 72. Qg2 Qe3
73. Qg3 Qe2+ 74. Kg1 Qd1+ 75. Kg2 Qe2+ 76. Qf2 Qe4+ 77. Kh2 Kf7 78. Qd2 Kf8 79.
Kg3 Qh1 80. Qg2 Qe1+ 81. Kh2 Qe3 82. Qf1 Qd2+ 83. Kh1 Qe3 84. Bc6 Qd4 85. Bd5
Bh4 86. Qg2 Qd1+ 87. Kh2 Qd4 88. Qg8+ Ke7 89. Qxh7+ Ke8 90. Bc6+ Kf8 91. Qxf5+
Kg7 92. Qg4+ Kf8 93. Qxh4 Qxc4 94. Qf6+ Kg8 95. e6 Qe2+ 96. Bg2 1-0

[Event "Open de la Constitución 2019"]
[Site "S. S. de los Reyes ESP"]
[Date "2019.12.04"]
[Round "5.12"]
[White "Villaverde Casalengua, Jose Luis"]
[Black "Lopez de Turiso, Jose Angel"]
[Result "0-1"]
[WhiteElo "1675"]
[BlackElo "1947"]
[PlyCount "60"]
[EventDate "2019.11.30"]
[EventType "swiss"]
[EventRounds "9"]
[EventCountry "ESP"]
[SourceTitle "Ajedrez en Madrid"]
[Source "lmi"]
[SourceDate "2019.11.30"]
[SourceVersion "1"]
[SourceVersionDate "2019.12.16"]
[SourceQuality "1"]

1. e4 e5 2. Nf3 Nc6 3. Bc4 Nf6 4. O-O Nxe4 5. Re1 d5 6. d3 Bc5 7. dxe4 dxc4 8.
Qxd8+ Kxd8 9. c3 f6 10. Rd1+ Ke7 11. b4 cxb3 12. axb3 Be6 13. b4 Rad8 14. Rd2
Bb6 15. Ba3 Kf7 16. Bb2 g5 17. h3 h5 18. Kf1 g4 19. Ng1 Rxd2 20. Nxd2 Rd8 21.
Bc1 Rd3 22. hxg4 Rxc3 23. gxh5 Nxb4 24. Ne2 Rd3 25. Ra3 Rxa3 26. Bxa3 Nc2 27.
Bb2 a5 28. Nc3 Bd4 29. Na4 Bxb2 30. Nxb2 Bg4 0-1

[Event "Open de la Constitución 2019"]
[Site "S. S. de los Reyes ESP"]
[Date "2019.12.04"]
[Round "5.13"]
[White "Minguela Muñoz, Bienvenido"]
[Black "Lozano Hernanz, Rodrigo"]
[Result "1-0"]
[WhiteElo "1827"]
[BlackElo "1485"]
[PlyCount "51"]
[EventDate "2019.11.30"]
[EventType "swiss"]
[EventRounds "9"]
[EventCountry "ESP"]
[SourceTitle "Ajedrez en Madrid"]
[Source "lmi"]
[SourceDate "2019.11.30"]
[SourceVersion "1"]
[SourceVersionDate "2019.12.16"]
[SourceQuality "1"]

1. c4 e5 2. Nc3 Nf6 3. d4 exd4 4. Qxd4 Nc6 5. Qd1 Bb4 6. Bd2 O-O 7. e3 d6 8.
Bd3 Be6 9. Nf3 Qd7 10. O-O Bg4 11. Be2 Rad8 12. Nd5 Bxd2 13. Nxf6+ gxf6 14.
Qxd2 Ne5 15. Nd4 Kh8 16. f3 Be6 17. Qc3 Rg8 18. f4 Nc6 19. Nxc6 Qxc6 20. Qxf6+
Rg7 21. Qxd8+ Rg8 22. Qf6+ Rg7 23. Rf3 Bg4 24. Rg3 h5 25. Bxg4 hxg4 26. Rxg4
1-0

[Event "Open de la Constitución 2019"]
[Site "S. S. de los Reyes ESP"]
[Date "2019.12.04"]
[Round "5.14"]
[White "Savchuk, Olga"]
[Black "Montiel Miguelez, Manuel"]
[Result "0-1"]
[WhiteElo "1611"]
[BlackElo "1811"]
[PlyCount "94"]
[EventDate "2019.11.30"]
[EventType "swiss"]
[EventRounds "9"]
[EventCountry "ESP"]
[SourceTitle "Ajedrez en Madrid"]
[Source "lmi"]
[SourceDate "2019.11.30"]
[SourceVersion "1"]
[SourceVersionDate "2019.12.16"]
[SourceQuality "1"]

1. e4 c5 2. c4 Nc6 3. Nf3 d6 4. d4 cxd4 5. Nxd4 Nf6 6. Nc3 Bg4 7. Be2 Bxe2 8.
Ndxe2 e6 9. O-O a6 10. Be3 Be7 11. Nf4 O-O 12. b3 Ne5 13. f3 Rc8 14. Kh1 b5 15.
Nd3 bxc4 16. Nxe5 dxe5 17. Rc1 cxb3 18. axb3 Ba3 19. Rc2 Qc7 20. Rff2 Qb7 21.
Qa1 Qxb3 22. Bc1 Bc5 23. Rfd2 Bd4 24. Bb2 Rc6 25. Qa4 Qb6 26. Ne2 Rxc2 27. Qxc2
Bxb2 28. Qxb2 Qxb2 29. Rxb2 Rd8 30. Kg1 Kf8 31. Rb6 Ra8 32. Nc1 Nd7 33. Rc6 Ke8
34. Nd3 a5 35. Rc1 Ke7 36. Ra1 Kd6 37. Nb2 Kc5 38. Na4+ Kb4 39. Kf1 Nc5 40.
Nxc5 Kxc5 41. Ke2 a4 42. Kd2 Kb4 43. Kc2 Rc8+ 44. Kb2 Rd8 45. Kc2 a3 46. Rb1+
Kc4 47. Rb3 Rd2+ 0-1

[Event "Open de la Constitución 2019"]
[Site "S. S. de los Reyes ESP"]
[Date "2019.12.04"]
[Round "5.15"]
[White "Alfaya Martinez, Enrique"]
[Black "Marcos Herrero, Francisco"]
[Result "0-1"]
[WhiteElo "1560"]
[BlackElo "1788"]
[PlyCount "102"]
[EventDate "2019.11.30"]
[EventType "swiss"]
[EventRounds "9"]
[EventCountry "ESP"]
[SourceTitle "Ajedrez en Madrid"]
[Source "lmi"]
[SourceDate "2019.11.30"]
[SourceVersion "1"]
[SourceVersionDate "2019.12.16"]
[SourceQuality "1"]

1. d4 Nf6 2. Bf4 c5 3. e3 b6 4. Nf3 Bb7 5. Be2 g6 6. Nbd2 Bg7 7. c3 d6 8. h3
O-O 9. O-O Nbd7 10. a4 a6 11. Re1 Re8 12. Bh2 Ne4 13. Nxe4 Bxe4 14. Nd2 Bc6 15.
Bf3 Bxf3 16. Nxf3 b5 17. axb5 axb5 18. Rxa8 Qxa8 19. Qa1 Qb7 20. b4 Ra8 21. Qb2
c4 22. Ra1 Nb6 23. Rxa8+ Qxa8 24. Nd2 Qa4 25. g4 Qd1+ 26. Kg2 Na4 27. Qa2 h6
28. Nb1 Bf6 29. Bg3 Kg7 30. h4 Qxg4 31. f3 Qh5 32. Qf2 g5 33. hxg5 hxg5 34. Qe1
g4 35. fxg4 Qxg4 36. Na3 Nb2 37. Nxb5 Nd3 38. Qf1 Bh4 39. Kh1 Qxg3 40. Qg2 Nf2+
41. Kg1 Nd1 42. Qxg3+ Bxg3 43. Kg2 Be1 44. Kf3 d5 45. Nc7 Nxc3 46. b5 Na4 47.
Nxd5 e6 48. Ne7 c3 49. d5 c2 50. d6 c1=Q 51. d7 Qd1+ 0-1

[Event "Open de la Constitución 2019"]
[Site "S. S. de los Reyes ESP"]
[Date "2019.12.04"]
[Round "5.16"]
[White "Garcia Minguez, Antonio"]
[Black "Sanchez Sanz, Alejandro"]
[Result "1-0"]
[WhiteElo "1542"]
[BlackElo "1745"]
[PlyCount "127"]
[EventDate "2019.11.30"]
[EventType "swiss"]
[EventRounds "9"]
[EventCountry "ESP"]
[SourceTitle "Ajedrez en Madrid"]
[Source "lmi"]
[SourceDate "2019.11.30"]
[SourceVersion "1"]
[SourceVersionDate "2019.12.16"]
[SourceQuality "1"]

1. d4 Nf6 2. Nf3 e6 3. c4 d5 4. e3 Nbd7 5. Nc3 b6 6. cxd5 exd5 7. Bd3 Bb7 8.
O-O Ne4 9. Qc2 Ndf6 10. Nd2 Bd6 11. h3 Qe7 12. Ncxe4 dxe4 13. Bb5+ Nd7 14. Bc6
Bxc6 15. Qxc6 O-O 16. Qxe4 Qf6 17. Qf3 Qe6 18. Ne4 Be7 19. Bd2 f5 20. Nc3 Nf6
21. a3 Ne4 22. Nxe4 fxe4 23. Qe2 Rf6 24. Rac1 Rg6 25. Qc4 Bd6 26. Qxe6+ Rxe6
27. Bc3 c6 28. Rcd1 Rd8 29. b4 Bc7 30. Rb1 Rd5 31. a4 a6 32. Rb3 Re8 33. Rfb1
Ra8 34. b5 cxb5 35. axb5 a5 36. R3b2 Bd6 37. Rc2 a4 38. Ba1 Ra5 39. Rcb2 a3 40.
Rb3 Ra4 41. Bc3 a2 42. Ra1 Kf7 43. f4 g6 44. g4 h5 45. Kg2 Kf6 46. g5+ Ke6 47.
Kf2 Kf5 48. Ke2 Ke6 49. Kd2 Kf5 50. Kc2 Bxf4 51. exf4 Kxf4 52. Bd2+ Kf5 53. Be3
Ra5 54. Kb2 Rdxb5 55. Rxa2 Rxb3+ 56. Kxb3 Rb5+ 57. Kc2 Ke6 58. Rb2 Rxb2+ 59.
Kxb2 Kd5 60. Kb3 b5 61. Kb4 Kc6 62. h4 Kd5 63. Kxb5 Kd6 64. Kc4 1-0

[Event "Open de la Constitución 2019"]
[Site "S. S. de los Reyes ESP"]
[Date "2019.12.04"]
[Round "5.17"]
[White "Vallespin Morales, Antonio"]
[Black "Estevez Sacristan, Deva"]
[Result "0-1"]
[WhiteElo "1407"]
[BlackElo "1719"]
[PlyCount "54"]
[EventDate "2019.11.30"]
[EventType "swiss"]
[EventRounds "9"]
[EventCountry "ESP"]
[SourceTitle "Ajedrez en Madrid"]
[Source "lmi"]
[SourceDate "2019.11.30"]
[SourceVersion "1"]
[SourceVersionDate "2019.12.16"]
[SourceQuality "1"]

1. e4 c5 2. Nf3 g6 3. d4 cxd4 4. Nxd4 Nc6 5. Nc3 Bg7 6. Nxc6 bxc6 7. Bc4 Qc7 8.
Qf3 e6 9. O-O Ne7 10. Bf4 Qb7 11. Bb3 d5 12. Rab1 O-O 13. exd5 cxd5 14. Rfe1
Bd7 15. Ba4 Bxa4 16. Nxa4 Qb4 17. b3 Rac8 18. Qd3 Qxf4 19. Re3 Qd4 20. Qe2 Nf5
21. Rd1 Qf6 22. Red3 h5 23. Kh1 Rc7 24. g4 hxg4 25. Qxg4 Rxc2 26. R3d2 Rxd2 27.
Rxd2 Nh4 0-1

[Event "Open de la Constitución 2019"]
[Site "S. S. de los Reyes ESP"]
[Date "2019.12.04"]
[Round "5.19"]
[White "Ruiz Grau, David"]
[Black "Perdiguero Herreros, Alejandro"]
[Result "0-1"]
[WhiteElo "1326"]
[BlackElo "1675"]
[PlyCount "132"]
[EventDate "2019.11.30"]
[EventType "swiss"]
[EventRounds "9"]
[EventCountry "ESP"]
[SourceTitle "Ajedrez en Madrid"]
[Source "lmi"]
[SourceDate "2019.11.30"]
[SourceVersion "1"]
[SourceVersionDate "2019.12.16"]
[SourceQuality "1"]

1. d4 d5 2. Bf4 Nf6 3. e3 e6 4. Nf3 c5 5. c3 Bd6 6. Ne5 Nc6 7. Bd3 Ne7 8. Nd2
c4 9. Bc2 Qc7 10. Qf3 Ng6 11. Nxg6 hxg6 12. Bxd6 Qxd6 13. Qf4 Qxf4 14. exf4 Bd7
15. Nf3 Ke7 16. Ne5 Rhb8 17. b4 a5 18. Nxd7 Kxd7 19. b5 a4 20. a3 Ra5 21. f3
Kc7 22. Rb1 Kb6 23. Rb4 Rba8 24. Kd2 Rxb5 25. Rxb5+ Kxb5 26. Rb1+ Kc6 27. Rb4
b5 28. Rb1 Rh8 29. Rh1 Nh5 30. h3 Nxf4 31. Rg1 Nh5 32. Ke3 Nf6 33. Rh1 Ne8 34.
Rb1 Nd6 35. Rb4 Kd7 36. Bxa4 bxa4 37. Rxa4 Rb8 38. Ra7+ Kc6 39. a4 Nb7 40. Ra6+
Kc7 41. Kf4 Rd8 42. Ke5 Rd6 43. Ra8 Rd8 44. Ra6 f6+ 45. Kxe6 Rd7 46. Ra7 Rd6+
47. Kf7 Kb8 48. Rxb7+ Kxb7 49. Kxg6 Rd7 50. Kf5 Kc6 51. g4 Kd6 52. Kg6 Ra7 53.
f4 Rxa4 54. Kxg7 Ra3 55. h4 Rxc3 56. h5 Rh3 57. g5 fxg5 58. f5 c3 59. f6 c2 60.
f7 Rf3 61. h6 c1=Q 62. f8=Q+ Rxf8 63. Kxf8 g4 64. h7 g3 65. h8=Q Qc8+ 66. Kg7
Qxh8+ 0-1

[Event "Open de la Constitución 2019"]
[Site "S. S. de los Reyes ESP"]
[Date "2019.12.04"]
[Round "5.20"]
[White "De Dompablo Fantova, Juan"]
[Black "Gonzalez Prida, Jose Maria"]
[Result "1-0"]
[WhiteElo "1598"]
[BlackElo "1712"]
[PlyCount "93"]
[EventDate "2019.11.30"]
[EventType "swiss"]
[EventRounds "9"]
[EventCountry "ESP"]
[SourceTitle "Ajedrez en Madrid"]
[Source "lmi"]
[SourceDate "2019.11.30"]
[SourceVersion "1"]
[SourceVersionDate "2019.12.16"]
[SourceQuality "1"]

1. e4 d6 2. d4 Nf6 3. Nc3 g6 4. Be3 Bg7 5. Qd2 Ng4 6. Bg5 h6 7. Bh4 O-O 8. f3
Nf6 9. g4 g5 10. Bg3 Nc6 11. h4 Nh7 12. Nge2 e6 13. Bg2 f5 14. gxf5 exf5 15.
O-O-O f4 16. Bf2 a6 17. hxg5 hxg5 18. Rh2 Nf6 19. Rdh1 b5 20. Bh3 Kf7 21. Nxf4
gxf4 22. Bxc8 Rxc8 23. Qxf4 Ke8 24. Qg3 Qe7 25. Nd5 Qf7 26. Rg1 Rg8 27. Nxf6+
Qxf6 28. Qh3 Rd8 29. Kb1 Rd7 30. Rhg2 Rf8 31. Rg3 Qh6 32. Qg2 Bxd4 33. Rg6 Qf4
34. Rg8 Bxf2 35. Qg6+ Qf7 36. Rxf8+ Kxf8 37. Qh6+ Ke8 38. Qh8+ Qf8 39. Rg8 Rf7
40. Rxf8+ Rxf8 41. Qh5+ Rf7 42. f4 Bd4 43. Qd5 Kd8 44. Qxc6 Rxf4 45. a3 Be5 46.
Qxa6 Rxe4 47. Qa8+ 1-0

[Event "Open de la Constitución 2019"]
[Site "S. S. de los Reyes ESP"]
[Date "2019.12.04"]
[Round "5.21"]
[White "Campos Rodriguez, Alvaro"]
[Black "Sanchez Villodres, Mario"]
[Result "1-0"]
[WhiteElo "1691"]
[BlackElo "1187"]
[PlyCount "109"]
[EventDate "2019.11.30"]
[EventType "swiss"]
[EventRounds "9"]
[EventCountry "ESP"]
[SourceTitle "Ajedrez en Madrid"]
[Source "lmi"]
[SourceDate "2019.11.30"]
[SourceVersion "1"]
[SourceVersionDate "2019.12.16"]
[SourceQuality "1"]

1. e4 e6 2. Qe2 d5 3. exd5 Qxd5 4. Nc3 Qd7 5. g3 Bc5 6. Bg2 Nf6 7. Nf3 O-O 8.
Ne5 Qd6 9. O-O Bd4 10. Nc4 Qd7 11. Ne5 Bxe5 12. Qxe5 Ng4 13. Qe2 Nf6 14. d3 Nc6
15. Bg5 Nd4 16. Qd2 Qd8 17. Ne4 Nxe4 18. dxe4 f6 19. Be3 Nc6 20. Qc3 Ne5 21. h3
Bd7 22. f4 Nf7 23. Rad1 Nd6 24. Bc5 Qe7 25. e5 fxe5 26. fxe5 Rxf1+ 27. Bxf1 Qd8
28. exd6 cxd6 29. Bxd6 Rc8 30. Qb3 b6 31. Bc4 Qf6 32. Bf4 Rd8 33. Bxe6+ Bxe6
34. Rxd8+ Qxd8 35. Qxe6+ Kh8 36. Qd6 Qxd6 37. Bxd6 Kg8 38. c4 Kf7 39. Bb8 a6
40. a4 Ke6 41. Ba7 Kd6 42. Bxb6 Kc6 43. Bd4 g6 44. b4 h5 45. Kf2 Kd6 46. b5
axb5 47. cxb5 Kc7 48. a5 Kb7 49. a6+ Ka8 50. b6 g5 51. b7+ Kb8 52. Be5+ Ka7 53.
b8=Q+ Kxa6 54. Bc7 g4 55. Qb6# 1-0

[Event "Open de la Constitución 2019"]
[Site "S. S. de los Reyes ESP"]
[Date "2019.12.04"]
[Round "5.22"]
[White "Martinez Miura, Enrique"]
[Black "Martinez-Paul Exposito, Ignacio Jesus"]
[Result "1/2-1/2"]
[WhiteElo "1554"]
[BlackElo "1148"]
[PlyCount "107"]
[EventDate "2019.11.30"]
[EventType "swiss"]
[EventRounds "9"]
[EventCountry "ESP"]
[SourceTitle "Ajedrez en Madrid"]
[Source "lmi"]
[SourceDate "2019.11.30"]
[SourceVersion "1"]
[SourceVersionDate "2019.12.16"]
[SourceQuality "1"]

1. e4 e5 2. Nf3 Nc6 3. Bb5 d6 4. d4 Bd7 5. d5 Nb8 6. Bd3 Be7 7. h3 Nf6 8. O-O
O-O 9. c4 c6 10. Nc3 Na6 11. a3 Nc7 12. Be3 h6 13. Qd2 Nh7 14. Rac1 c5 15. Bb1
Ng5 16. Nxg5 Bxg5 17. f4 exf4 18. Bxf4 b6 19. Qc2 g6 20. Rce1 Bxf4 21. Rxf4 Qg5
22. Rf3 f5 23. Qf2 Rae8 24. exf5 Bxf5 25. Rxe8 Nxe8 26. g4 h5 27. Bxf5 gxf5 28.
Kh2 Ng7 29. gxf5 Rxf5 30. Ne4 Rxf3 31. Qxf3 Qe5+ 32. Kh1 Qf5 33. Nf6+ Kf7 34.
Qxf5 Nxf5 35. Nxh5 Ne3 36. Nf4 Nxc4 37. Nd3 Kg6 38. Kh2 Ne3 39. Kg3 Nxd5 40. h4
c4 41. Nf2 Nf6 42. Nh3 d5 43. Nf4+ Kh6 44. Ne6 a5 45. Nd4 Nd7 46. Kf4 Kh5 47.
Kf5 Nc5 48. Ke5 Na4 49. Kxd5 Nxb2 50. Kc6 Na4 51. Kb5 Nb2 52. Kxb6 a4 53. Kb5
c3 54. Kb4 1/2-1/2

[Event "Open de la Constitución 2019"]
[Site "S. S. de los Reyes ESP"]
[Date "2019.12.04"]
[Round "5.23"]
[White "Luque Sanz, Victor"]
[Black "Pindado Del Carmen, Eliseo"]
[Result "0-1"]
[WhiteElo "1132"]
[BlackElo "1531"]
[PlyCount "32"]
[EventDate "2019.11.30"]
[EventType "swiss"]
[EventRounds "9"]
[EventCountry "ESP"]
[SourceTitle "Ajedrez en Madrid"]
[Source "lmi"]
[SourceDate "2019.11.30"]
[SourceVersion "1"]
[SourceVersionDate "2019.12.16"]
[SourceQuality "1"]

1. e4 c5 2. Nf3 Nc6 3. d4 cxd4 4. Nxd4 e6 5. Nc3 a6 6. Be3 Qc7 7. Qd2 Bb4 8. a3
Be7 9. O-O-O b5 10. Na2 Nf6 11. f3 Bb7 12. Be2 Na5 13. Nb4 e5 14. Nf5 Nb3+ 15.
Kb1 Nxd2+ 16. Bxd2 Rg8 0-1

[Event "Open de la Constitución 2019"]
[Site "S. S. de los Reyes ESP"]
[Date "2019.12.04"]
[Round "5.24"]
[White "Diez Cuarental, Luis Pablo"]
[Black "Rodriguez Valdeavero, Julio C."]
[Result "0-1"]
[WhiteElo "1208"]
[BlackElo "1778"]
[PlyCount "64"]
[EventDate "2019.11.30"]
[EventType "swiss"]
[EventRounds "9"]
[EventCountry "ESP"]
[SourceTitle "Ajedrez en Madrid"]
[Source "lmi"]
[SourceDate "2019.11.30"]
[SourceVersion "1"]
[SourceVersionDate "2019.12.16"]
[SourceQuality "1"]

1. e4 c5 2. Nf3 d6 3. d4 cxd4 4. Nxd4 Nf6 5. Nc3 Nc6 6. Nb3 e6 7. Be3 a6 8. Be2
Be7 9. Qd2 b5 10. f4 b4 11. Nd1 Nxe4 12. Qd3 d5 13. Nf2 Nd6 14. Nd4 Bd7 15. a3
Nc4 16. Nxc6 Bxc6 17. axb4 Nxe3 18. Qxe3 Bxb4+ 19. c3 d4 20. Qc1 dxc3 21. bxc3
Bc5 22. O-O a5 23. Rd1 Qb6 24. Rf1 O-O 25. Rb1 Qa7 26. Qc2 Rfd8 27. Bd3 g6 28.
Be4 Bxe4 29. Qxe4 Rd2 30. Qf3 Rad8 31. Rb7 Bxf2+ 32. Rxf2 Rd1+ 0-1